La poesía de Miguel Hernández

Guardat en:
Dades bibliogràfiques
Autor principal: Cano Ballesta, Juan
Format: Llibre
Idioma:Undetermined
Publicat: Madrid, España Editorial Gredos 1962
Matèries:
Etiquetes: Afegir etiqueta
Sense etiquetes, Sigues el primer a etiquetar aquest registre!

MARC

LEADER 00000nam a2200000Ia 4500
008 170316s9999 xx 000 0 und d
040 |a cru BVZT 
090 |a 862 C-13.1p 
100 |a Cano Ballesta, Juan 
245 |a La poesía de Miguel Hernández 
260 |a Madrid, España 
260 |b Editorial Gredos 
260 |c 1962 
300 |a 302 páginas 
650 |a LITERATURA LATINOAMERICANA 
650 |a MIGUEL HERNÁNDEZ - BIOGRAFÍA 
650 |a EL MUNDO POÉTICO - MIGUEL HERNÁNDEZ 
999 |c 9613  |d 9613 
942 |c 15 D  |h 862 C-13.1p  |2 z